000 01147nam a2200181Ia 4500
008 100921s9999 xx 000 0 und d
082 _b43080
_a891.468 न 07
100 _aचिपळूणकर विष्णुशास्त्री.संपा,देशपांडे मालती.
245 _aउत्कृष्टाचा ध्यास (वि.वि. चिपळूणकर यांच्या व्याख्यांनांवर आधारित).
260 _bपुणे विद्यार्थीगृह प्रकाशन,पुणे.
_c2007
300 _a200
_b---
365 _b150
520 _aललित-संकीर्ण.
630 _aउत्कृष्टाचा ध्यास (वि.वि. चिपळूणकर यांच्या व्याख्यांनांवर आधारित).
650 _aललित-संकीर्ण.
730 _aउत्कृष्टाचा ध्यास (वि.वि. चिपळूणकर यांच्या व्याख्यांनांवर आधारित).
942 _cBOOK
999 _c792193
_d792190